LDR 00946naa#a2200181#i#450# 001 RU\\bibl\110079 005 20260416133514.4 011 ## _a1994-4683 100 ## _a20240531b2024####ek#y0rusy0150####ca 102 ## _aRU 200 1# _aОсобенности показателей мощности педалирования в дисциплинах велосипедного спорта на шоссе _eЖурнальная статья 210 1# _aМосква _cНациональный государственный Университет физической культуры, спорта и здоровья им. П.Ф. Лесгафта _d2024 215 ## _a4 с. 608 ## _aЖурнальная статья _2local 675 ## _aВелосипедный спорт. Велогонки. 796.61 _z 700 #1 _aСучков _gВасилий Андреевич 700 #1 _aЯцык _gВасилий Захарович 856 4# _auchzapiski.lesgaft.spb.ru _u